|
|
|
|
| LEADER |
01729nam a2200301 a 4500 |
| 001 |
00023184 |
| 008 |
110704s2010 ii a 001 0 eng |
| 999 |
|
|
|c 11032
|d 11032
|
| 020 |
|
|
|a 8121935156
|
| 040 |
|
|
|a BD-DhAAL
|c BD-DhAAL
|
| 082 |
0 |
0 |
|a 547
|2 22
|
| 100 |
1 |
|
|a Bahl, Arun
|9 44165
|
| 245 |
1 |
0 |
|a Advanced organic chemistry /
|c Arun Bahl, B. S. Bahl
|
| 250 |
|
|
|a Rev. multicolour ed.
|
| 260 |
|
|
|a New Delhi :
|b S. Chand,
|c 2010.
|
| 300 |
|
|
|a xxiii, 1524 p. :
|b ill. graph. Darst. ;
|c 25 cm.
|
| 500 |
|
|
|a Includes index.
|
| 541 |
|
|
|e 00023184
|
| 650 |
|
0 |
|a Chemistry, Organic.
|9 44166
|
| 650 |
|
0 |
|a Pharmacy.
|9 44167
|
| 700 |
1 |
|
|a Bahl, B. S.
|9 44168
|
| 852 |
1 |
|
|a Ayesha Abed Library
|c General Shelf.
|
| 942 |
|
|
|2 ddc
|c BK
|
| 952 |
|
|
|0 0
|1 0
|2 ddc
|4 0
|6 547_BAH
|7 0
|9 17362
|a BRACUL
|b BRACUL
|c GEN
|d 2011-06-30
|e Trust Line International
|g 1635.00
|l 20
|m 216
|o 547 BAH
|p 3010023184
|q 2026-05-18
|r 2026-04-03
|s 2026-04-03
|t 1
|w 2011-07-04
|y BK
|
| 952 |
|
|
|0 0
|1 0
|2 ddc
|4 0
|6 547_BAH
|7 0
|9 17363
|a BRACUL
|b BRACUL
|c GEN
|d 2011-06-30
|e Trust Line International
|g 1635.00
|l 30
|m 243
|o 547 BAH
|p 3010023185
|q 2026-06-02
|r 2026-04-03
|s 2026-04-03
|t 2
|w 2011-07-04
|y BK
|
| 952 |
|
|
|0 0
|1 0
|2 ddc
|4 0
|6 547_000000000000000_BAH
|7 0
|9 21884
|a BRACUL
|b BRACUL
|c GEN
|d 2013-01-22
|e Trim Education
|g 1480.00
|l 31
|m 182
|o 547 BAH
|p 3010026552
|r 2026-04-26
|s 2026-04-22
|t 3
|w 2013-01-22
|y BK
|
| 952 |
|
|
|0 0
|1 4
|2 ddc
|4 0
|6 547_000000000000000_BAH
|7 0
|9 21885
|a BRACUL
|b BRACUL
|c GEN
|d 2013-01-22
|e Trim Education
|g 1480.00
|l 2
|m 18
|o 547 BAH
|p 3010026553
|r 2013-07-14
|s 2013-04-15
|t 4
|w 2013-01-22
|y BK
|x Koha Inventory 2020
|
| 952 |
|
|
|0 0
|1 0
|2 ddc
|4 0
|6 547_000000000000000_BAH
|7 0
|9 21886
|a BRACUL
|b BRACUL
|c GEN
|d 2013-01-22
|e Trim Education
|g 1480.00
|l 21
|m 92
|o 547 BAH
|p 3010026554
|q 2026-06-02
|r 2026-05-18
|s 2026-05-18
|t 5
|w 2013-01-22
|y BK
|